00920nam a22002292 450000100060000000300080000600500170001400800410003103500510007204000270012304100080015008200210015824502250017926000920040430000250049650000500052165000200057165000150059170000230060670000180062971000430064736133BD-RjUL20211209052435.0140617s1933 enk 000 0 eng d a(BD-RjUL)36230aOCLC ocm12852976 from D971120M aDRBcDRBdBD-RjULbeng aeng bVAL 1933a368.3200aValuation tables for friendly societies based upon sickness experience of the I.O.O.F. Manchester unity, during the five years 1893-97 :bcombined with mortality rates .. /ccompiled by Victor A. Burrows and Guy Woodrow. aCambridge [Eng.] :bPub. for the Institute of Actuaries at the University Press,c1933. a49, [1] p. ;c23 cm. aAt head of title: The Institute of actuaries. 0aLife insurance. 0aMortality.1 aBurrows, Victor A.1 aWoodrow, Guy.2 aInstitute of Actuaries (Great Britain)